<?xml version="1.0" encoding="UTF-8"?>
<record
    xmlns:xsi="http://www.w3.org/2001/XMLSchema-instance"
    xsi:schemaLocation="http://www.loc.gov/MARC21/slim http://www.loc.gov/standards/marcxml/schema/MARC21slim.xsd"
    xmlns="http://www.loc.gov/MARC21/slim">

  <leader>02138nam a22002177a 4500</leader>
  <controlfield tag="005">20240411123628.0</controlfield>
  <controlfield tag="008">230710b           ||||| |||| 00| 0 eng d</controlfield>
  <datafield tag="040" ind1=" " ind2=" ">
    <subfield code="c">AL</subfield>
  </datafield>
  <datafield tag="041" ind1=" " ind2=" ">
    <subfield code="a">malayalam</subfield>
  </datafield>
  <datafield tag="082" ind1=" " ind2=" ">
    <subfield code="2">23</subfield>
    <subfield code="a">894.8123</subfield>
    <subfield code="b">JOSA</subfield>
  </datafield>
  <datafield tag="100" ind1=" " ind2=" ">
    <subfield code="a">Sarah Joseph: &#xD38;&#xD3E;&#xD31; &#xD1C;&#xD4B;&#xD38;&#xD2B;&#xD4D; </subfield>
    <subfield code="9">159636</subfield>
  </datafield>
  <datafield tag="245" ind1=" " ind2=" ">
    <subfield code="a">Aalahayude Pennmakkal</subfield>
    <subfield code="b">&#xD05;&#xD32;&#xD3E;&#xD39;&#xD2F;&#xD41;&#xD1F;&#xD46; &#xD2A;&#xD46;&#xD7A;&#xD2E;&#xD15;&#xD4D;&#xD15;&#xD7E; </subfield>
  </datafield>
  <datafield tag="260" ind1=" " ind2=" ">
    <subfield code="a">Thrissur</subfield>
    <subfield code="b">Current Books</subfield>
    <subfield code="c">2001</subfield>
  </datafield>
  <datafield tag="300" ind1=" " ind2=" ">
    <subfield code="a">149p.</subfield>
    <subfield code="b">PB</subfield>
    <subfield code="c">21x14cm.</subfield>
  </datafield>
  <datafield tag="365" ind1=" " ind2=" ">
    <subfield code="2">Malayalam</subfield>
    <subfield code="b">70.00</subfield>
    <subfield code="c">&#x20B9;</subfield>
    <subfield code="d">70.00</subfield>
  </datafield>
  <datafield tag="520" ind1=" " ind2=" ">
    <subfield code="a">&#xD28;&#xD3E;&#xD17;&#xD30;&#xD3F;&#xD15;&#xD24;&#xD2F;&#xD41;&#xD1F;&#xD46; &#xD28;&#xD3F;&#xD28;&#xD4D;&#xD26;&#xD4D;&#xD2F;&#xD35;&#xD47;&#xD17;&#xD19;&#xD4D;&#xD19;&#xD33;&#xD3F;&#xD32;&#xD2E;&#xD30;&#xD4D;&#x200D;&#xD28;&#xD4D;&#xD28;&#xD41;&#xD2A;&#xD4B;&#xD2F; &#xD12;&#xD30;&#xD41; &#xD1C;&#xD28;&#xD24;&#xD2F;&#xD41;&#xD1F;&#xD46; &#xD38;&#xD4D;&#xD25;&#xD32;&#xD35;&#xD47;&#xD30;&#xD41;&#xD15;&#xD33;&#xD41;&#xD02; &#xD2D;&#xD3E;&#xD37;&#xD2F;&#xD41;&#xD02; &#xD35;&#xD40;&#xD23;&#xD4D;&#xD1F;&#xD46;&#xD1F;&#xD41;&#xD15;&#xD4D;&#xD15;&#xD41;&#xD15;&#xD2F;&#xD3E;&#xD23;&#xD4D;&#x200C; &#xD08; &#xD28;&#xD4B;&#xD35;&#xD32;&#xD3F;&#xD32;&#xD4D;&#x200D;. &#xD12;&#xD30;&#xD41;&#xD1A;&#xD4D;&#xD1A;&#xD3E;&#xD1F;&#xD28;&#xD24;&#xD4D;&#xD24;&#xD3F;&#xD28;&#xD4D;&#xD31;&#xD46; &#xD2D;&#xD3E;&#xD37;&#xD2F;&#xD41;&#xD02; &#xD36;&#xD15;&#xD4D;&#xD24;&#xD3F;&#xD2F;&#xD41;&#xD2E;&#xD41;&#xD33;&#xD33; &#xD06;&#xD32;&#xD3E;&#xD39;&#xD2F;&#xD41;&#xD1F;&#xD46; &#xD28;&#xD2E;&#xD38;&#xD4D;&#x200C;&#xD15;&#xD3E;&#xD30;&#xD02; &#xD15;&#xD4D;&#xD30;&#xD3F;&#xD38;&#xD4D;&#x200C;&#xD24;&#xD40;&#xD2F; &#xD1C;&#xD40;&#xD35;&#xD3F;&#xD24;&#xD24;&#xD4D;&#xD24;&#xD3F;&#xD32;&#xD4D;&#x200D; &#xD1A;&#xD46;&#xD32;&#xD41;&#xD24;&#xD4D;&#xD24;&#xD3F;&#xD2F; &#xD38;&#xD4D;&#xD35;&#xD3E;&#xD27;&#xD40;&#xD28;&#xD02; &#xD08; &#xD28;&#xD4B;&#xD35;&#xD32;&#xD3F;&#xD32;&#xD4D;&#x200D; &#xD06;&#xD35;&#xD3F;&#xD37;&#xD4D;&#x200C;&#xD15;&#xD30;&#xD3F;&#xD15;&#xD4D;&#xD15;&#xD41;&#xD28;&#xD4D;&#xD28;&#xD41;. &#xD15;&#xD40;&#xD34;&#xD3E;&#xD33;&#xD1C;&#xD28;&#xD35;&#xD3F;&#xD2D;&#xD3E;&#xD17;&#xD24;&#xD4D;&#xD24;&#xD3F;&#xD28;&#xD4D;&#xD31;&#xD46; &#xD2A;&#xD4D;&#xD30;&#xD24;&#xD3F;&#xD30;&#xD4B;&#xD27;&#xD24;&#xD4D;&#xD24;&#xD3F;&#xD28;&#xD4D;&#xD31;&#xD46; &#xD12;&#xD30;&#xD41; &#xD17;&#xD42;&#xD22;&#xD2E;&#xD28;&#xD4D;&#xD24;&#xD4D;&#xD30;&#xD2E;&#xD3E;&#xD2F;&#xD3F;&#xD24;&#xD4D;&#xD24;&#xD40;&#xD30;&#xD4D;&#x200D;&#xD28;&#xD4D;&#xD28; &#xD2A;&#xD4D;&#xD30;&#xD3E;&#xD30;&#xD4D;&#x200D;&#xD25;&#xD28;&#xD3E;&#xD28;&#xD2E;&#xD38;&#xD4D;&#x200C;&#xD15;&#xD3E;&#xD30;&#xD02; &#xD06;&#xD32;&#xD3E;&#xD39;&#xD2F;&#xD41;&#xD1F;&#xD46; &#xD2A;&#xD46;&#xD23;&#xD4D;&#x200D;&#xD2E;&#xD15;&#xD4D;&#xD15;&#xD33;&#xD4D;&#x200D; &#xD35;&#xD40;&#xD23;&#xD4D;&#xD1F;&#xD41;&#xD02; &#xD1A;&#xD4A;&#xD32;&#xD4D;&#xD32;&#xD41;&#xD28;&#xD4D;&#xD28;&#xD41;.

&#xD2E;&#xD32;&#xD2F;&#xD3E;&#xD33;&#xD24;&#xD4D;&#xD24;&#xD3F;&#xD32;&#xD4D;&#x200D; &#xD05;&#xD24;&#xD4D;&#xD2F;&#xD2A;&#xD42;&#xD30;&#xD4D;&#x200D;&#xD35;&#xD4D;&#xD35;&#xD2E;&#xD46;&#xD28;&#xD4D;&#xD28;&#xD4D;&#x200C; &#xD35;&#xD3F;&#xD36;&#xD47;&#xD37;&#xD3F;&#xD2A;&#xD4D;&#xD2A;&#xD3F;&#xD15;&#xD4D;&#xD15;&#xD3E;&#xD35;&#xD41;&#xD28;&#xD4D;&#xD28; &#xD2E;&#xD3E;&#xD28;&#xD4D;&#xD24;&#xD4D;&#xD30;&#xD3F;&#xD15;&#xD36;&#xD15;&#xD4D;&#xD24;&#xD3F;&#xD2F;&#xD41;&#xD33;&#xD33; &#xD2D;&#xD3E;&#xD37;&#xD2F;&#xD41;&#xD02; &#xD38;&#xD4D;&#xD35;&#xD30;&#xD35;&#xD41;&#xD02; &#xD15;&#xD3E;&#xD34;&#xD4D;&#x200C;&#xD1A;&#xD15;&#xD33;&#xD41;&#xD02;, &#xD28;&#xD35;&#xD40;&#xD28;&#xD2E;&#xD3E;&#xD2F;&#xD4A;&#xD30;&#xD41; &#xD07;&#xD28;&#xD4D;&#xD26;&#xD4D;&#xD30;&#xD3F;&#xD2F;&#xD3E;&#xD28;&#xD41;&#xD2D;&#xD42;&#xD24;&#xD3F; &#xD28;&#xD32;&#xD4D;&#x200C;&#xD15;&#xD41;&#xD28;&#xD4D;&#xD28;&#xD41;.</subfield>
  </datafield>
  <datafield tag="650" ind1=" " ind2=" ">
    <subfield code="a">Malayalam Fiction: &#xD2E;&#xD32;&#xD2F;&#xD3E;&#xD33;&#xD02; &#xD2B;&#xD3F;&#xD15;&#xD4D;&#xD37;&#xD7B; </subfield>
    <subfield code="9">126215</subfield>
  </datafield>
  <datafield tag="650" ind1=" " ind2=" ">
    <subfield code="a">Malayalam Novel</subfield>
    <subfield code="9">126216</subfield>
  </datafield>
  <datafield tag="700" ind1=" " ind2=" ">
    <subfield code="a">JOSEPH (Sarah): &#xD1C;&#xD4B;&#xD38;&#xD2B;&#xD4D; (&#xD38;&#xD3E;&#xD31;)</subfield>
    <subfield code="9">126217</subfield>
  </datafield>
  <datafield tag="942" ind1=" " ind2=" ">
    <subfield code="2">ddc</subfield>
    <subfield code="c">DB</subfield>
  </datafield>
  <datafield tag="999" ind1=" " ind2=" ">
    <subfield code="c">227789</subfield>
    <subfield code="d">227789</subfield>
  </datafield>
  <datafield tag="952" ind1=" " ind2=" ">
    <subfield code="0">0</subfield>
    <subfield code="1">0</subfield>
    <subfield code="2">ddc</subfield>
    <subfield code="4">0</subfield>
    <subfield code="7">0</subfield>
    <subfield code="8">OTH</subfield>
    <subfield code="a">AL</subfield>
    <subfield code="b">AL</subfield>
    <subfield code="d">2023-06-14</subfield>
    <subfield code="l">0</subfield>
    <subfield code="o">894.8123 JOSA</subfield>
    <subfield code="p">D05819</subfield>
    <subfield code="r">2023-07-10 00:00:00</subfield>
    <subfield code="w">2023-07-10</subfield>
    <subfield code="y">DB</subfield>
    <subfield code="z">Donated by Sara Abubakkar</subfield>
  </datafield>
</record>
